| 000 | 01711cam a22004814i 4500 | ||
|---|---|---|---|
| 003 | PE-LiUPU | ||
| 005 | 20250731184551.0 | ||
| 008 | 150616s r 000 0 d | ||
| 035 | _a(Sirsi) a3419 | ||
| 040 |
_aPE-LiUPU _bspa _cPE-LiUPU _erda |
||
| 049 | _aPRUA | ||
| 082 | 0 | 4 |
_a985.01 _bL95 _221 |
| 100 | 1 |
_aLumbreras, Luis Guillermo, _eautor. |
|
| 245 | 1 | 4 |
_aLos orígenes de la civilización en el Perú / _cLuis Guillermo Lumbreras. |
| 264 | 1 |
_aLima : _bEditorial Mila Batres, _c1981. |
|
| 300 |
_a220 páginas : _bilustraciones ; _c21 cm. |
||
| 336 |
_atext _2rdacontent |
||
| 337 |
_aunmediated _2rdamedia |
||
| 338 |
_avolume _2rdacarrier |
||
| 505 | 0 | _aDel origen de los pueblos -- Del origen del estado y las clases sociales -- De las ciudades y los estados despóticos. | |
| 526 | _aP136 | ||
| 526 | _aP135 | ||
| 526 | _aP134 | ||
| 526 | _aP133 | ||
| 526 | _aP144 | ||
| 526 | _aP143 | ||
| 526 | _aP87 | ||
| 526 | _aP35 | ||
| 526 | _aP20 | ||
| 526 | _aP14 | ||
| 526 | _aP10 | ||
| 526 | _aP06 | ||
| 650 | 0 | 4 |
_aArqueología _zPerú _yEpoca Prehispánica. _94338 |
| 651 |
_aPerú _xHistoria _yEpoca Prehispánica _94340 |
||
| 651 |
_aPerú _xCondiciones sociales _xHistoria _yEpoca Prehispánica. |
||
| 910 |
_ajck _bjvq _cjck |
||
| 942 |
_2ddc _cBOOK |
||
| 949 |
_a985.01 L95 _wDEWEY _c1 _i19126 _lCCODEBUL1 _mBUL _p00.00 _r0 _sY _tBOOK _u19810615 _xEDUCACION _PP20 _0COMPRA _o.STAFF. Colección General |
||
| 994 |
_aC0 _bPEPRU |
||
| 596 | _a1 | ||
| 999 |
_a985.01 L95 _wDEWEY _c42019 _i19126 _f2021-11-8 _g5 _lCCODEBUL1 _mBUL _r0 _sY _tBOOK _u2015-6-16 _xBIBLIOTECA _PP20 _0COMPRA _o.STAFF. Colección General _d42019 |
||
| 980 |
_81 _gALBERTO SANCHEZ Responsable de Automatización |
||